000 00575cam a22002055a 4500
001 L158586
008 150506s2014 xxk f 000 0 eng d
020 _a9781847038029
035 _a(Sirsi) u158586
041 0 _aeng
050 0 4 _a692.8
100 1 _aCartwright, John
245 0 0 _aFormation and variance of contracts
260 _aLondon
_bSweet&Maxwell
_c2014
520 _aDesigned to offer a complete guide to the formation of the contract in English law
521 _aAdvanced
651 4 _aUnited Kingdom
_y
690 _aCONTRACTS
_96232
942 _n0
_2ddc
999 _c115403
_d115403